<?xml version="1.0" encoding="UTF-8"?>
<collection xmlns="http://www.loc.gov/MARC21/slim">
 <record>
  <leader>02701nam a2200289 a 4500</leader>
  <controlfield tag="001">1/51360</controlfield>
  <controlfield tag="008">051115s2007    be  u pdd     1   a0eng d</controlfield>
  <datafield tag="020" ind1=" " ind2=" ">
   <subfield code="a">9789279046377</subfield>
  </datafield>
  <datafield tag="022" ind1="0" ind2=" ">
   <subfield code="a">1016-8060 (print)</subfield>
  </datafield>
  <datafield tag="022" ind1="0" ind2=" ">
   <subfield code="a">1725-3187 (online)</subfield>
  </datafield>
  <datafield tag="024" ind1="0" ind2=" ">
   <subfield code="a">KC-AI-07-284-EN-C</subfield>
  </datafield>
  <datafield tag="035" ind1=" " ind2=" ">
   <subfield code="l">35626</subfield>
  </datafield>
  <datafield tag="040" ind1=" " ind2=" ">
   <subfield code="a">GR-PeUP</subfield>
  </datafield>
  <datafield tag="099" ind1=" " ind2=" ">
   <subfield code="a">ΚΕΤ Αλφαβητική σειρά</subfield>
  </datafield>
  <datafield tag="100" ind1="1" ind2=" ">
   <subfield code="a">Dohring, Bjorn.</subfield>
  </datafield>
  <datafield tag="245" ind1="1" ind2="0">
   <subfield code="a">What drives inflation perceptions? :</subfield>
   <subfield code="b">a dynamic panel data analysis /</subfield>
   <subfield code="c">Bjorn Dohring, Authora Mordonu.</subfield>
  </datafield>
  <datafield tag="260" ind1="0" ind2=" ">
   <subfield code="a">Brussels- Belgium:</subfield>
   <subfield code="b">European Comission: Directorate-General for Economic and Financial Affairs,</subfield>
   <subfield code="c">2007.</subfield>
  </datafield>
  <datafield tag="300" ind1=" " ind2=" ">
   <subfield code="a">24 σ.:</subfield>
   <subfield code="b">πιν.</subfield>
   <subfield code="c">30 εκ.</subfield>
  </datafield>
  <datafield tag="490" ind1="1" ind2=" ">
   <subfield code="a">European Economy. Economic papers ;</subfield>
  </datafield>
  <datafield tag="520" ind1="0" ind2=" ">
   <subfield code="a">At the moment of the euro cash changeover, inflation perceptions in the euro area deviated from measured inflation, and in some euro-area Member States in a persistent way. In recent years, a growing body of literature has developed on the factors that might explain this deviation. This paper formally tests various explanations advanced in this literature. It adopts a cross-country perspective at the level of the euro area which is empirically implemented through a dynamic panel data model. Inflation perceptions are found to be highly persistent (the autoregressive term is large and statistically highly significant). In contrast to much of the - descriptive - literature, an index of &quot;out-of-the-pocket expenditure&quot; is found not to explain inflation perceptions better than does the all-items HICP index. As suggested by psychological experiments, inflation expectations seem to contribute to the formation of inflation perceptions, although to a limited extent. Prices of residential real estate contribute significantly to inflation perceptions, suggesting that households have a broader view of the cost of living when forming inflation perceptions. Our results have implications for policy, for the further research agenda and for the development of statistics. In particular, the persistence of inflation perceptions makes us think that communication efforts prior to euro introduction are essential to anchor perceptions. Once perceptions increase, it will be much harder to bring them back in line with measured inflation.</subfield>
  </datafield>
  <datafield tag="580" ind1=" " ind2=" ">
   <subfield code="a">Economic Papers</subfield>
  </datafield>
  <datafield tag="700" ind1="1" ind2=" ">
   <subfield code="a">Mordonu, Aurora.</subfield>
  </datafield>
  <datafield tag="710" ind1="2" ind2=" ">
   <subfield code="a">European Commission : Directorate-General for Economic and Financial Affairs.</subfield>
  </datafield>
  <datafield tag="773" ind1="0" ind2="8">
   <subfield code="a">Economic Papers</subfield>
   <subfield code="g">July 2007, No 284.</subfield>
  </datafield>
  <datafield tag="830" ind1=" " ind2=" ">
   <subfield code="a">European Economy. Economic papers ;</subfield>
   <subfield code="v">284.</subfield>
  </datafield>
  <datafield tag="852" ind1=" " ind2=" ">
   <subfield code="a">INST</subfield>
   <subfield code="b">UNIPILB</subfield>
   <subfield code="c">KET</subfield>
   <subfield code="e">20090310</subfield>
   <subfield code="p">EEEP 284</subfield>
   <subfield code="q">EEEP 284</subfield>
   <subfield code="t">NOLOAN</subfield>
   <subfield code="y">23</subfield>
   <subfield code="4">1</subfield>
  </datafield>
  <datafield tag="856" ind1="4" ind2="1">
   <subfield code="u">http://ec.europa.eu/economy_finance/publications/publication_summary9577_en.htm</subfield>
  </datafield>
 </record>
</collection>
